000 01583nam a2200409 c 4500
001 21723
003 ES-MaCES
005 20170613141613.0
008 090114s2008 sp t 000 | spa d
017 _aM 41636-2008
_bDL
020 _a9788497259408
035 _aCES20090000123m
040 _aES-MaCES
_bspa
_cES-MaCES
245 0 0 _aResponsabilidades en materia de seguridad y salud laboral
_b: propuestas de reforma a la luz de la experiencia comparada
_c[informe elaborado por] CUATRECASAS, [a petición de], Confederación Nacional de la Construcción (CNC) ... [et al.] ; Salvador del Rey Guanter (director) ; Manuel Luque Parra (coordinador)
250 _a1ª ed
260 _aLas Rozas (Madrid)
_bLa Ley
_c2008
300 _a284 p.
_c24 cm
541 _cCompra
650 4 _aseguridad en el trabajo
_928348
650 4 _asalud en el trabajo
_928347
650 4 _aresponsabilidad civil
_929046
650 4 _aresponsabilidad del Estado
_931208
650 4 _aresponsabilidad del empleador
_930146
650 4 _aderecho penal
_927159
650 4 _aderecho del trabajo
_927165
650 4 _aderecho comparado
_929868
650 4 _aEspaña
_926964
650 4 _arégimen jurídico
_929894
653 1 0 _aDerecho del trabajo y Seguridad Social
700 1 _aRey Guanter, Salvador del
_edir.
_921969
700 1 _aLuque Parra, Manuel
_ecol.
_917160
710 2 _92590
_aCuatrecasas
710 2 _aConfederación Nacional de la Construcción (España)
_92279
902 _aLIB Libro
942 _2CES
_cBK
_h6.0.1.
999 _c21723
_d21723